| 000 | 00513nam a2200145Ia 4500 | ||
|---|---|---|---|
| 008 | 190813s9999 xx 000 0 und d | ||
| 020 | _a9781138686199 | ||
| 100 | _aGostecnik, Christian. | ||
| 245 |
_cChristian Gostecnik.-- _aRelational family therapy : _bthe systemic, interpersonal and intrapsychic experience / |
||
| 260 |
_aNew York : _bRoutledge _c2017 |
||
| 300 | _a277 pages. | ||
| 500 | _aIncluded bibliographical references and index. | ||
| 650 | _aContextual therapy. | ||
| 650 | _aFamily psychotherapy. | ||
| 999 |
_c362065 _d362065 |
||